Architecture of coexistence (Registro nro. 325666)

Detalles MARC
000 -ENCABEZADO
Número de control [NR] 00859nam a22002297a 4500
005 - FECHA Y HORA DE LA ÚLTIMA TRANSACCIÓN
control field 20250812102204.0
008 - DE LONGITUD FIJA DE DATOS DE ELEMENTOS - INFORMACIÓN GENERAL
Elementos de longitud fija [NR] 250812b ||||| |||| 00| 0 eng d
020 ## - NUMERO INTERNACIONAL NORMALIZADO PARA LIBROS [R]
Número Internacional Normalizado del libro [NR] 9783966800082
040 ## - FUENTE DE CATALOGACION [NR]
Agencia de catalogación original [NR] CO-BoUCM
Quien Cataloga David Moreno
Quien Clasifica David Moreno
041 ## - CODIGO DE IDIOMA [R]
Código de idioma para texto/pista de sonido o título separado [R] Español
245 00 - MENCION DE TITULO [NR]
Título [NR] Architecture of coexistence
Parte restante del título [NR] building pluralism
Mención de responsabilidad, etc. [NR] Azra Akšamija
250 ## - MENCION DE EDICION [NR]
Mención de edición [NR] 1a.Ed
260 ## - PUBLICACION, DISTRIBUCION, ETC. (PIE DE IMPRENTA) [R]
Lugar de publicación, distribución, etc. [R] Berlin, Alemania; Geneva, Suiza
Nombre del editor, distribuidor, etc. [R] ArchiTangle; Aga Khan Award for Architecture
Fecha de publicación, distribución, etc. [R] 2020
300 ## - DESCRIPCION FISICA [R]
Extensión [R] 284 Paginas
Otros detalles físicos [NR] ilustraciones a color
504 ## - NOTA DE BIBLIOGRAFIA, ETC. [R]
Nota de bibliografía, etc. [NR] Incluye referencias bibliográficas
650 14 - ASIENTO SECUNDARIO DE MATERIA - TERMINO TEMATICO [R]
Término temático o nombre geográfico como elemento de entrada [NR] Arquitectura
Subdivisión general [R] Filosofia
9 (RLIN) 29915
650 14 - ASIENTO SECUNDARIO DE MATERIA - TERMINO TEMATICO [R]
Término temático o nombre geográfico como elemento de entrada [NR] Diseño urbano
Subdivisión general [R] Espacio publico
9 (RLIN) 186493
650 14 - ASIENTO SECUNDARIO DE MATERIA - TERMINO TEMATICO [R]
Término temático o nombre geográfico como elemento de entrada [NR] Diseño inclusivo
Subdivisión general [R] Entorno construido
9 (RLIN) 186494
700 1# - ASIENTO SECUNDARIO - NOMBRE PERSONAL [R]
Nombre personal [NR] Aksamija, Azra
Término de relación [R] editor
9 (RLIN) 186495
942 ## - ELEMENTOS DE ENTRADA AGREGADOS (KOHA)
Sistema de clasificación DEWEY
Tema principal Arte
Tipo de ítem principal el descrito en 300a Libro
Edición 1
Clasificación 720.1
Parte restante de la signatura top. A315a
Título oculto en OPAC No
Existencias
Fecha de último préstamo Total préstamos Total Renewals Signatura topográfica Código de barras Última vez visto Ejemplar Price effective from Tipo de ítem Perdido Sistema de clasificación Dañado No prestable Tipo de ítem específico Suprimido Ubicación habitual Ubicación actual Localización Fecha de creación Forma de adquisición Costo
15/08/2025 1 3 720.1 A315a 100174269 06/12/2025 Ej.1 12/08/2025 Libro   DEWEY     Libro   Claustro Claustro 2do piso 12/08/2025 Compra 289344.00